A general service list of English words, (Record no. 13116)
[ view plain ]
| 000 -LEADER | |
|---|---|
| fixed length control field | 01905cam a2200361 4500 |
| 001 - CONTROL NUMBER | |
| control field | 13116 |
| 003 - CONTROL NUMBER IDENTIFIER | |
| control field | OCoLC |
| 005 - DATE AND TIME OF LATEST TRANSACTION | |
| control field | 20250714131702.0 |
| 008 - FIXED-LENGTH DATA ELEMENTS--GENERAL INFORMATION | |
| fixed length control field | 720526s1953 enk d 000 0 eng |
| 010 ## - LIBRARY OF CONGRESS CONTROL NUMBER | |
| LC control number | 53013531 |
| 015 ## - NATIONAL BIBLIOGRAPHY NUMBER | |
| National bibliography number | GB5308437 |
| Source | bnb |
| 015 ## - NATIONAL BIBLIOGRAPHY NUMBER | |
| National bibliography number | GB538437 |
| Source | bnb |
| 020 ## - INTERNATIONAL STANDARD BOOK NUMBER | |
| International Standard Book Number | 0582525268 |
| 020 ## - INTERNATIONAL STANDARD BOOK NUMBER | |
| International Standard Book Number | 9780582525269 |
| 035 ## - SYSTEM CONTROL NUMBER | |
| System control number | (OCoLC)00318957 |
| Canceled/invalid control number | (OCoLC)966389873 |
| -- | (OCoLC)973932168 |
| -- | (OCoLC)979910669 |
| -- | (OCoLC)980212667 |
| -- | (OCoLC)1001102233 |
| -- | (OCoLC)1006253509 |
| -- | (OCoLC)1082964097 |
| -- | (OCoLC)1113568340 |
| -- | (OCoLC)1116529965 |
| -- | (OCoLC)1124107900 |
| -- | (OCoLC)1160690832 |
| -- | (OCoLC)1172333002 |
| -- | (OCoLC)1181388414 |
| -- | (OCoLC)1184652881 |
| -- | (OCoLC)1221673045 |
| -- | (OCoLC)1223636522 |
| -- | (OCoLC)1223687914 |
| -- | (OCoLC)1239626429 |
| -- | (OCoLC)1243846557 |
| -- | (OCoLC)1262030109 |
| -- | (OCoLC)1274596781 |
| 040 ## - CATALOGING SOURCE | |
| Original cataloging agency | DLC |
| Language of cataloging | eng |
| Transcribing agency | WSU |
| Modifying agency | SER |
| -- | UKM |
| -- | OCL |
| -- | OCLCQ |
| -- | NLGGC |
| -- | LVB |
| -- | HIL |
| -- | GBVCP |
| -- | OCLCF |
| -- | OCLCQ |
| -- | TXA |
| -- | OCLCO |
| -- | FC@ |
| -- | EZ9 |
| -- | UEJ |
| -- | UKUOY |
| -- | OCLCQ |
| -- | PAU |
| -- | OCLCQ |
| -- | UKMGB |
| -- | S2H |
| -- | OCLCQ |
| -- | SXB |
| -- | ERL |
| -- | IL4J6 |
| -- | OCLCO |
| -- | OCL |
| -- | OCLCQ |
| -- | OCLCO |
| -- | OCLCL |
| -- | OCLCQ |
| -- | BSULIB |
| 050 14 - LIBRARY OF CONGRESS CALL NUMBER | |
| Classification number | PE1691 |
| Item number | .W4 1953 |
| 082 04 - DEWEY DECIMAL CLASSIFICATION NUMBER | |
| Classification number | 423 |
| Item number | WES |
| 100 1# - MAIN ENTRY--PERSONAL NAME | |
| Personal name | West, Michael |
| 9 (RLIN) | 25503 |
| 245 12 - TITLE STATEMENT | |
| Title | A general service list of English words, |
| Remainder of title | with semantic frequencies and a supplementary word-list for the writing of popular science and technology |
| 250 ## - EDITION STATEMENT | |
| Edition statement | [Rev. and enl. ed.] |
| 260 ## - PUBLICATION, DISTRIBUTION, ETC. (IMPRINT) | |
| Place of publication, distribution, etc | London, |
| -- | New York, |
| Name of publisher, distributor, etc | Longmans, Green |
| Date of publication, distribution, etc | [1953] |
| 300 ## - PHYSICAL DESCRIPTION | |
| Extent | xiii, 588 pages |
| Dimensions | 23 cm |
| 530 ## - ADDITIONAL PHYSICAL FORM AVAILABLE NOTE | |
| Additional physical form available note | Also issued online |
| 650 #0 - SUBJECT ADDED ENTRY--TOPICAL TERM | |
| Topical term or geographic name as entry element | English language |
| Form subdivision | Glossaries, vocabularies, etc |
| 9 (RLIN) | 25504 |
| 650 #0 - SUBJECT ADDED ENTRY--TOPICAL TERM | |
| Topical term or geographic name as entry element | English language |
| General subdivision | Semantics |
| 9 (RLIN) | 18461 |
| 650 #0 - SUBJECT ADDED ENTRY--TOPICAL TERM | |
| Topical term or geographic name as entry element | English language |
| General subdivision | Word frequency |
| 9 (RLIN) | 25505 |
| 650 #0 - SUBJECT ADDED ENTRY--TOPICAL TERM | |
| Topical term or geographic name as entry element | Vocabulary |
| 9 (RLIN) | 16002 |
| 650 #2 - SUBJECT ADDED ENTRY--TOPICAL TERM | |
| Topical term or geographic name as entry element | Vocabulary |
| 9 (RLIN) | 16002 |
| 653 ## - INDEX TERM--UNCONTROLLED | |
| Uncontrolled term | English language -- Glossaries, vocabularies, etc |
| 776 08 - ADDITIONAL PHYSICAL FORM ENTRY | |
| Display text | Online version: |
| Main entry heading | West, Michael. |
| Title | General service list of English words. |
| Edition | [Rev. and enl. ed.]. |
| Place, publisher, and date of publication | London, New York, Longmans, Green [1953] |
| Record control number | (OCoLC)592389482 |
| 942 ## - ADDED ENTRY ELEMENTS (KOHA) | |
| Source of classification or shelving scheme | Dewey Decimal Classification |
| Item type | Books |
| Withdrawn status | Lost status | Source of classification or shelving scheme | Damaged status | Not for loan | Home library | Current library | Shelving location | Date acquired | Inventory number | Total Checkouts | Full call number | Barcode | Date last seen | Copy number | Price effective from | Koha item type | Public note |
|---|---|---|---|---|---|---|---|---|---|---|---|---|---|---|---|---|---|
| Dewey Decimal Classification | Main Library | Main Library | Open Shelves | 14/07/2025 | 35985 | 423 WES | bsu25070855 | 14/07/2025 | 001 | 14/07/2025 | Books | Material available in hardcopy |